| 000 | 00564nam a2200145Ia 4500 | ||
|---|---|---|---|
| 008 | 140724s9999 xx 000 0 und d | ||
| 050 |
_aRC 583 _b.Al324 2010 |
||
| 100 | _aAlayu, Mikaela. | ||
| 245 | 2 |
_aA study on the level of undestanding in adults with asthma in an Urban, Middle-class Village towards the development of an interactive health teaching module / _cMikaela Alayu. |
|
| 260 |
_aLas PiƱas, Philippines : _bSouthville International School and Colleges, _cc2010. |
||
| 300 |
_a56 p. : _c28 cm. |
||
| 521 | _aNursing | ||
| 942 | _cTH | ||
| 999 |
_c228684 _d228684 |
||